| 000 | 01114nam a2200325 i 4500 | ||
|---|---|---|---|
| 005 | 20220317002053.0 | ||
| 007 | ta | ||
| 008 | 201204r20162019ck jr 000 fdspa d | ||
| 020 | _a9789587434873 | ||
| 040 |
_aCO-BoRNBP _bspa _erda _cCO-BoRNBP |
||
| 041 | 0 | _aspa | |
| 084 | _aN ECH3 | ||
| 100 | 1 |
_aEchavarría, Albeiro _d1963- _eautor |
|
| 245 | 1 | 3 |
_aEl fotógrafo de Cristales _cAlbeiro Echavarría |
| 250 |
_aPrimera edición _bSexta reimpresión |
||
| 264 | 1 |
_aBogotá _bLoqueleo _c2016 _c2019 |
|
| 300 |
_a230 páginas _c22 cm |
||
| 336 |
_2rdacontent _atexto _btxt |
||
| 337 |
_2rdamedia _asin mediación _bn |
||
| 338 |
_2rdacarrier _avolumen _bnc |
||
| 521 | _aRecomendado para un público mayor de 15 años | ||
| 545 | _aIncluye datos biográficos del autor en la solapa | ||
| 650 | 1 | 7 |
_2LEMB _aNovela juvenil colombiana _ySiglo XX |
| 650 | 1 | 7 |
_2LEMB _aLiteratura juvenil colombiana _ySiglo XX |
| 650 | 1 | 7 |
_2LEMB _aAutores colombianos _ySiglo XX |
| 650 | 1 | 7 |
_2LEMB _aDelincuencia juvenil _vNovela |
| 650 | 1 | 7 |
_2LEMB _aMúsica y sociedad _vNovela |
| 650 | 1 | 7 |
_2LEMB _aSecuestro _vNovela |
| 942 |
_2loc _cBKLIT |
||
| 999 |
_c9087 _d9087 |
||